Otdelka i sortirovka metalla.

Uložené v:
Podrobná bibliografia
Hlavný autor: Amčislavskij, N.
Médium: Kniha
Jazyk:Slovak
Vydané: Moskva, 1956.
Fyzický popis: 152 s.
Tagy: Pridať tag
Žiadne tagy, Buďte prvý kto otaguje tento záznam!

MARC

LEADER 00000nam a22000004a 4500
001 000613113
005 20190327140253.0
008 190327s1956 xo e 000 0 slo d
040 |a SVKKK  |b slo  |c SVKKK  |e AACR2 
100 1 |a Amčislavskij, N. 
245 1 0 |a Otdelka i sortirovka metalla. 
260 |a Moskva,  |c 1956. 
300 |a 152 s. 
500 |a Záznam revízie 
910 |a svkkk 
998 |a BK 
090 |g SCKHL  |k Sklad Pribinova 2. posch.  |a III.27807  |j 117084  |i 2720649468  |4 Zastaraná  |s Vyradená